| 000 | 00469nam a22001337a 4500 | ||
|---|---|---|---|
| 040 | _cRUA | ||
| 082 | _aGRS LAY 2017 B641 Or.1 | ||
| 100 | _aLAY LYHEANG ឡាយ លីហៀង | ||
| 245 | _athe processing of bitter melon tea ការកែច្នៃភេជះតែម្រះ | ||
| 260 |
_aRUA _bphnom penh _cRUA |
||
| 300 |
_ax;21p _bill; _c29cm |
||
| 856 | _uhttps://drive.google.com/file/d/1syNAR4Hy0294oU8dPNuby0UIirwh-ifG/view?usp=sharing | ||
| 942 | _cGRS | ||
| 999 |
_c18080 _d18080 |
||